Stačí jednou?

Bibliographic Details
Main Author: Deters, Tom (Author)
Format: Article
Language:Czech
PhysicalDescription:Fotogr. 4, tab. 1
Subjects:

MARC

LEADER 00000nab a2200000 a 4500
001 vtls000484125
003 SK-MaSNL
005 20260305035328.0
008 120927c1993 xo 0 cze
015 |a SNBRB19rr/mm-uuuuu 
035 |a CL0484260 
040 |a SNKBUCL  |b slo  |c SNKBUCL  |e AACR2 
041 0 |a cze 
044 |a xo  |c SK 
080 |a 796.420.015.2.3  |2 1981 
100 1 |a Deters, Tom  |4 aut  |9 992705 
245 1 0 |a Stačí jednou?  |c Tom Deters 
300 |b Fotogr. 4, tab. 1 
650 0 7 |a kulturistika  |2 snkbucl  |9 3254 
650 0 7 |a športový tréning  |2 snkbucl  |9 163263 
655 7 |a články z novín a časopisov  |2 snkbucl  |9 267496 
773 0 |t Muscle a fitness - FIT-plus  |g Č. 5 (1993), s. 28-29 
850 |a Slovenská národná knižnica v Martine  |a MTA001 
852 |a SNK  |b KIS3GCP 
958 |a RK 
992 |a RBX 
999 |c 3333352  |d 3335282